Ostrov šedých mnichů /
Uloženo v:
| Série: | Josef Bergman,
část 4 |
|---|---|
| Hlavní autor: | |
| Další autoři: | , |
| Médium: | E-audiokniha |
| Jazyk: | Czech |
| Vydáno: |
Praha :
Motto,
[2015]
|
| Edice: | Česká detektivka (Motto)
|
| Témata: | |
| Příbuzné jednotky: | Z cyklu::
Josef Bergman |
| Tagy: |
Žádné tagy |
| LEADER | 03573nim a2200877 ia4500 | ||
|---|---|---|---|
| 001 | 313078 | ||
| 003 | CZ PrSKC | ||
| 005 | 20260601215735.0 | ||
| 007 | sd fungnnmmned | ||
| 008 | 151201t20152015xr nnnng f n cze | ||
| 015 | |a cnb002756137 | ||
| 024 | 3 | |a 8594050421660 | |
| 028 | 0 | 1 | |a 8594050421660 |b Motto |
| 040 | |a ABA001 |b cze |e rda | ||
| 072 | 7 | |a 821.162.3-3 |x Česká próza |2 Konspekt | |
| 080 | |a 821.162.3-31 |2 MRF | ||
| 080 | |a (0:82-312.4) |2 MRF | ||
| 080 | |a (086.7)08 |2 MRF | ||
| 080 | |a (086.76) |2 MRF | ||
| 100 | 1 | |a Klevisová, Michaela, |d 1976- |7 xx0065727 |4 aut | |
| 245 | 1 | 0 | |a Ostrov šedých mnichů / |c Michaela Klevisová |
| 264 | 1 | |a Praha : |b Motto, |c [2015] | |
| 264 | 4 | |c ©2015 | |
| 300 | |a 2 audiodisky (12 hod., 39 min.) ; |c 12 cm | ||
| 306 | |a 123900 | ||
| 336 | |a mluvené slovo |b spw |2 rdacontent | ||
| 337 | |a audio |b s |2 rdamedia | ||
| 338 | |a audiodisk |b sd |2 rdacarrier | ||
| 344 | |a digital |b optical |2 rda | ||
| 347 | |a audio soubor |b MP3 |2 rda | ||
| 490 | 1 | |a Česká detektivka | |
| 500 | |a Název z disku | ||
| 500 | |a Copyright Albatros Media a. s. | ||
| 500 | |a Nezkrácená verze | ||
| 508 | |a Režie Alexej Charvát | ||
| 511 | 0 | |a Čte Kristýna Kociánová | |
| 518 | |a Nahráno v červnu 2015 ve studiu Svengali | ||
| 655 | 7 | |a české romány |7 fd133974 |2 czenas | |
| 655 | 7 | |a detektivní romány |7 fd132010 |2 czenas | |
| 655 | 7 | |a audioknihy |7 fd119452 |2 czenas | |
| 655 | 7 | |a kompaktní disky |7 fd201991 |2 czenas | |
| 700 | 1 | |a Charvát, Alexej, |d 1952- |7 xx0069489 |4 drt | |
| 700 | 1 | |a Kociánová, Kristýna, |d 1985- |7 xx0199445 |4 stl | |
| 787 | 0 | 8 | |i Z cyklu: |t Josef Bergman |g 4 |
| 830 | 0 | |a Česká detektivka (Motto) | |
| 900 | |a ABA001 |b 18 | ||
| 044 | |a xr | ||
| 505 | 0 | 0 | |t 01 Ostrov sedych mnichu (13 min., 50 sek.) |
| 505 | 0 | 0 | |t 02 Ostrov sedych mnichu (40 min., 42 sek.) |
| 505 | 0 | 0 | |t 03 Ostrov sedych mnichu (28 min., 48 sek.) |
| 505 | 0 | 0 | |t 04 Ostrov sedych mnichu (18 min., 38 sek.) |
| 505 | 0 | 0 | |t 05 Ostrov sedych mnichu (32 min., 37 sek.) |
| 505 | 0 | 0 | |t 06 Ostrov sedych mnichu (40 min., 9 sek.) |
| 505 | 0 | 0 | |t 07 Ostrov sedych mnichu (9 min., 9 sek.) |
| 505 | 0 | 0 | |t 08 Ostrov sedych mnichu (46 min., 21 sek.) |
| 505 | 0 | 0 | |t 09 Ostrov sedych mnichu (23 min., 17 sek.) |
| 505 | 0 | 0 | |t 10 Ostrov sedych mnichu (11 min., 42 sek.) |
| 505 | 0 | 0 | |t 11 Ostrov sedych mnichu (35 min., 46 sek.) |
| 505 | 0 | 0 | |t 12 Ostrov sedych mnichu (42 min., 20 sek.) |
| 505 | 0 | 0 | |t 13 Ostrov sedych mnichu (37 min., 48 sek.) |
| 505 | 0 | 0 | |t 14 Ostrov sedych mnichu (33 min., 48 sek.) |
| 505 | 0 | 0 | |t 15 Ostrov sedych mnichu (20 min., 49 sek.) |
| 505 | 0 | 0 | |t 16 Ostrov sedych mnichu (24 min., 2 sek.) |
| 505 | 0 | 0 | |t 17 Ostrov sedych mnichu (26 min., 27 sek.) |
| 505 | 0 | 0 | |t 18 Ostrov sedych mnichu (38 min., 54 sek.) |
| 505 | 0 | 0 | |t 19 Ostrov sedych mnichu (43 min., 31 sek.) |
| 505 | 0 | 0 | |t 20 Ostrov sedych mnichu (25 min., 9 sek.) |
| 505 | 0 | 0 | |t 21 Ostrov sedych mnichu (43 min., 10 sek.) |
| 505 | 0 | 0 | |t 22 Ostrov sedych mnichu (27 min., 13 sek.) |
| 505 | 0 | 0 | |t 23 Ostrov sedych mnichu (48 min., 49 sek.) |
| 505 | 0 | 0 | |t 24 Ostrov sedych mnichu (16 min., 44 sek.) |
| 505 | 0 | 0 | |t 25 Ostrov sedych mnichu (24 min., 16 sek.) |
| 505 | 0 | 0 | |t 26 Ostrov sedych mnichu (4 min., 50 sek.) |
| 910 | |a RBIT002 | ||
| 998 | |d 354293 |a https://core.palmknihy.cz/api/books/354293/cover?tcp88e |b https://core.palmknihy.cz/api/books/354293/cover/400?tcp88e |c https://core.palmknihy.cz/api/books/354293/cover/50?tcp88e |e 2031-12-31 |i 8594050421660 |l 45480 |q 49 |r 1 |s https://www.palmknihy.cz/kniha/354293 |t audiobook |y 2015 |z 0 | ||
| 999 | |d 313076 | ||